| 000 | 00350nam a22001697a 4500 | ||
|---|---|---|---|
| 003 | UA-OsUOA | ||
| 001 | 1874 | ||
| 007 | ta | ||
| 008 | 20050721b un ||||| |||| 00| 0 ukr d | ||
| 100 | _aCrawford | ||
| 700 | _aChristina | ||
| 942 | _cBK | ||
| 040 |
_aUA-OsUOA _cUA-OsUOA _dUA-OsUOA |
||
| 245 |
_aBlack Widow _bFiction |
||
| 955 | _a2 | ||
| 650 | 7 | _2UDC | |
| 999 |
_c288036 _d288036 |
||